000 00695nam a2200205Ia 4500
003 GCL
008 140319s9999 xx 000 0 ara d
040 _aGCL /
_cGCL
082 0 4 _a707
_bم ط
100 1 _aمحمد حسين جودى
245 1 0 _aطرق تدريس الفنون /
_cمحمد حسين جودى
260 _aالقاهرة :
_bدار المسيرة للنشر والتوزيع والطباعة ،
_c1997
300 _a184 ص ؛
_c24 سم
650 0 4 _aالفنون الجميلة
650 0 4 _aالفنون التشكيلية
650 0 4 _aالرسم بالالوان
650 0 4 _aالفنون - طرق تدريس
650 0 4 _aالفن - مدارس
942 _2ddc
_cBK
999 _c45904
_d45904